000 00335nam a2200133Ia 4500
008 220217s9999||||xx |||||||||||||| ||und||
020 _a81-265-0221-5
082 _a004.67 MAR
100 _aIDG books
_92036
245 0 _aFront page 2002 in an instant
260 _aIDG books
_bNew Delhi
_c2002
300 _b129
650 _aWWW
999 _c170092
_d170092